Biblioteca

Las drogas psicodélicas y la experiencia religiosa (Registro nro. 69651)

Detalles MARC
000 -LÍDER
Campo fijo de descripción fija 01643nab a2200217 i 4500
001 - NÚMERO DE CONTROL
Campo de control 768714001
003 - IDENTIFICADOR DEL NÚMERO DE CONTROL
Campo de control CO-MdFUSB
005 - FECHA Y HORA DE LA ULTIMA TRANSACCIÓN
control field 20240509171417.0
008 - ELEMENTOS DE LONGITUD FIJA -- INFORMACIÓN GENERAL
Campo fijo de descripción fija -- Información general 240509t1969 sp ||||| |||| 00| 0 spa d
040 ## - FUENTE DE CATALOGACIÓN
Idioma de catalogación spa
Agencia que realiza la transcripción CO-MdFUSB
Agencia que realiza la modificación CO-MdFUSB
041 ## - CÓDIGO DE IDIOMA
Código de idioma para texto/pista de sonido o título separado spa
100 ## - ASIENTO PRINCIPAL--NOMBRE PERSONAL
Nombre personal Salman, Dominique Henri,
Término relacionador autor
245 #3 - TÍTULO
Título Las drogas psicodélicas y la experiencia religiosa
Mención de responsabilidad / Dominique Henri Salman
520 ## - NOTA DE RESUMEN, ETC.
Nota de sumario, etc. El uso de las drogas con fines religiosos está atestiguado por la historia de las religiones y por la etnología. No es, pues, de admirar el que ciertos grupos contemporáneos sugieran el recurso a los productos psicomiméticos o psicodélicos para provocar experiencias «religiosas>> que de otro modo se sienten incapaces de conseguir. Trataremos de evaluar el uso religioso que de ellas podría hacer un individuo de nuestro tiempo, en una situación personal y psicosocial muy diferente de las que imperaban en las culturas tradicionales y precientíficas de antaño.<br/>Para entender estos fenómenos es indispensable establecer diferentes niveles en el análisis. Aquí tendremos en cuenta cuatro que son suficientes para nuestro intento: 1) el de la psicofisiología, 2) el de la personalidad individual, 3) el de la personalidad social y 4) el de la personalidad religiosa.<br/>
650 #0 - ASIENTO SECUNDARIO DE MATERIA - TERMINO TEMÁTICO
Término temático o nombre geográfico como elemento de entrada Vida espiritual
9 (RLIN) 51
650 #7 - ASIENTO SECUNDARIO DE MATERIA - TERMINO TEMÁTICO
Término temático o nombre geográfico como elemento de entrada Religión
9 (RLIN) 385
653 ## - TÉRMINO DE INDIZACIÓN - NO CONTROLADO
Término no controlado Drogas psicodélicas
773 0# - ASIENTO DE ITEM FUENTE
Biblionumber 49450
Itemnumber 82612
Otro identificador del ítem R2539
Título Revista internacional de teología Concilium
Número de control del registro (CO-MdFUSB)8
Número Internacional Normalizado para Publicaciones Seriadas (ISSN) 0210-1041
Parte(s) relacionada(s) / Volumen., número. (mes año), páginas Número 49, (noviembre, 1969), páginas: 433 - 439
Enumeración y primera página página: 433
942 ## - TIPO DE MATERIAL (KOHA)
Tipo de Item KOHA Artículos de Revista
945 ## - INFORMACIÓN LOCAL DEL REGISTRO
Catalogador Catherine Arias Alvarez - Practicante SENA

No hay ítems disponibles.

Biblioteca FUSBC | Teléfono: (57+4) 349 88 10 Ext. 141| WhatsApp (+57) 3005338115 
E-mail: biblioteca@unisbc.edu.co | Calle 76 87-14 Robledo Palenque, Medellín, Colombia

Con tecnología Koha